Football : effectif DFCO 2017-2018 - Statistiques

Statistiques générales
  • Ce quiz a été pris 40 fois
  • Le résultat moyen est 11 sur 32
Statistiques - réponses
Poste Pays Joueur % Correct
Buteur Cap-Vert Julio Tavares
89%
Gardien France Baptiste Reynet
83%
Ailier gauche Tunisie Naïm Sliti
77%
Buteur France Wesley Saïd
63%
Ailier droit Corée du Sud Chang-Hoon Kwon
60%
Milieu central France Florent Balmont
60%
Entraîneur France Olivier Dall'Oglio
60%
Latéral droit Maroc Fouad Chafik
54%
Buteur France Benjamin Jeannot
49%
Milieu central France Jordan Marié
49%
Milieu central France Romain Amalfitano
43%
Défenseur central France Cédric Varrault
37%
Ailier gauche France Federic Sammaritano
37%
Milieu central Portugal Xeka Rocha
37%
Gardien France Bobby Allain
31%
Milieu central Algérie Medhi Abeid
31%
Défenseur central Tunisie Oussama Haddadi
31%
Latéral droit France Valentin Rosier
31%
Défenseur central République Centrafricaine Cédric Yambéré
29%
Défenseur central Nouvelle Calédonie Wesley Lautoa
26%
Défenseur central Sénégal Papy Djilobodji
23%
Latéral droit Suisse Vincent Rufli
17%
Milieu central France Enzo Loiodice
14%
Gardien France Benjamin Leroy
11%
Latéral gauche Congo Arnold Bouka Moutou
9%
Milieu offensif France Adrian Sahibeddine
3%
Ailier gauche France Clément Billemaz
3%
Milieu défensif France Corentin Faussot
3%
Milieu défensif Congo Eden Massouema
3%
Milieu défensif France Erwan Maury
0%
Milieu défensif France Samuel Robert
0%
Défenseur central France Théo Barbet
0%
Aucun quiz correspondant
Distribution des résultats
% des personnes avec chaque résultat
Percentile par nombre de réponses
Votre historique - résultats
Vous n’avez pas pris ce quiz